Normas reglamentarias para la aplicación de la nueva ley (Record no. 145050)

MARC details
000 -LEADER
campo de control de longitud fija 00719nam a2200193 4500
001 - NÚMERO DE CONTROL
campo de control 145050
003 - IDENTIFICADOR DE NÚMERO DE CONTROL
campo de control ES-MaACL
005 - FECHA Y HORA DE LA ÚLTIMA TRANSACCIÓN
campo de control 20230906201143.0
007 - CAMPO FIJO DE DESCRIPCIÓN FÍSICA--INFORMACIÓN GENERAL
campo de control de longitud fija t|
008 - DATOS DE LONGITUD FIJA--INFORMACIÓN GENERAL
campo de control de longitud fija 070214s1955 sp r ||||1| spa d
100 1# - ENTRADA PRINCIPAL--NOMBRE DE PERSONA
Nombre de persona Soto, Julio Gonzalo.
9 (RLIN) 107493
245 10 - MENCIÓN DEL TÍTULO
Título Normas reglamentarias para la aplicación de la nueva ley
Resto del título : textos legales, exposición, comentario y juicio crítico de las nuevas disposiciones /
Mención de responsabilidad, etc. Julio Gonzalo Soto.
260 ## - PUBLICACIÓN, DISTRIBUCIÓN, ETC.
Lugar de publicación, distribución, etc. Burgos :
Nombre del editor, distribuidor, etc. [s. n.],
Fecha de publicación, distribución, etc. 1955 (
Fabricante Gráf. Diario de Burgos)
300 ## - DESCRIPCIÓN FÍSICA
Extensión 112 p. ;
Dimensiones 22 cm.
490 1# - MENCIÓN DE SERIE
Mención de serie Arrendamientos rústicos protegidos
830 0# - PUNTO DE ACCESO ADICIONAL DE SERIE-TÍTULO UNIFORME
Título uniforme Arrendamientos rústicos protegidos
9 (RLIN) 220732
852 ## - LOCALIZACIÓN
Ubicación ES-MaACL
Número de control de estantería 1986-F-13
Sublocalización o colección R.37551
Holdings
Estatus retirado Estado de pérdida Estado de daño No para préstamo Colección Biblioteca de origen Biblioteca actual Ubicación en estantería Fecha de adquisición Fuente de adquisición Total de préstamos Signatura topográfica completa Código de barras Visto por última vez Precio de reemplazo Tipo de ítem Koha
        Colección de folletos Biblioteca del Ateneo de Madrid Biblioteca del Ateneo de Madrid Depósito folletos 17/01/2008     1986-F-13 1151412 23/02/2023 23/02/2023 Folleto